000 01381cam a22003857a 4500
003 CHAP
005 20220329141251.0
008 971010s1969 r 00010 d
010 _a65426
011 _a66398
035 _a74509
040 _cCHAP
090 _aTesis
100 0 0 _aPascacio Domínguez, Noé.
_985833
245 0 _aEstudio agroindustrial del cultivo del olivo en el estado de Baja California
260 _aChapingo, Méx. :
_bEl autor,
_c1969
300 _a147 h.
_b: ilus. ; anexos
500 _aLe falta la pag. 83 pero aparentemente solo está mal compaginada
502 _aTesis (Ing. Agr. Esp. en Industrias Agrícolas) -- ENA. Departamento de Industrias Agrícolas
590 _aALEPH
_b10
_c20130110
_lUCH01
_h1356
590 _aBATCH-UPD
_b10
_c20130110
_lUCH01
_h0714
590 _aBATCH-UPD
_b10
_c20130410
_lUCH01
_h0359
590 _aBATCH-UPD
_b10
_c20130914
_lUCH01
_h1850
590 _aCONVERSION
_b10
_c20130109
_lUCH01
_h1336
650 1 4 _aOlivo.
_983127
650 1 4 _aOlivo
_xAspectos económicos.
_983128
901 _aBK
942 _cFOLL
949 _bBC
_cTES
_d-99906
_eTS1
_i74509
_si
949 _bBC
_cTES
_d33724000749719
_eTS2
_fc.2
_i74509
_sb
949 _bIA
_cTES
_d-65390
_eB
_fc.2
_i74509
_si
949 _bIA
_cTES
_d-65391
_eTS2
_fc.3
_i74509
_si
949 _bIA
_cTES
_d-65392
_eTS2
_fc.4
_i74509
_si
949 _bIA
_cTES
_d-7379
_eTS1
_i74509
_si
999 _c65426
_d65426